000 00998nam a2200289Ia 4500
003 OSt
005 20221007123805.0
006 a|||||r|||| 00| 0
007 ta
008 221006b |||||||| |||| 00| 0 eng d
020 _a3540012982 (pbk)
024 _a76574
037 _b116, 27/02/2007, Dhanraj Book House
_cTextual
040 _aCDL
_cCDL
_beng
041 _2eng
_aeng
082 _aE5:218, P6 Carc
100 _aAriga Katsuhiko
_9717848
245 0 _aSupramolecular chemistry-fundamentals and applications: Advanced textbook
_b Kunitake Toyoki
260 _aBerlin
_bSpringer-Verlag
_c2006
300 _aix,208p. ill.
_ccm.
500 _aIncudes bibliographical references; Index 205-208p
650 _a Supramolecular chemistry
_9717849
650 _aChemistry
700 _a Kunitake Toyoki
_9717850
942 _hE5:218, P6 Carc
_cTEXL
_2CC
999 _c1212489
_d1212489